Komplexe Analyse der betrieblichen Tätigkeit Programmierte Lehrbeiträge
Na minha lista:
| Autor principal: | |
|---|---|
| Outros Autores: | , |
| Formato: | Livro |
| Idioma: | alemão |
| Publicado em: |
Berlin
Wirtschaft
1980
|
| Edição: | 2. überarbeitete Aufl. |
| Tags: |
Sem tags, seja o primeiro a adicionar uma tag!
|
MARC
| LEADER | 00000nam a2200000 4500 | ||
|---|---|---|---|
| 001 | c142803 | ||
| 005 | 20041019155325.9 | ||
| 041 | 0 | |a ger | |
| 044 | |a DE | ||
| 245 | 1 | 0 | |a Komplexe Analyse der betrieblichen Tätigkeit |b Programmierte Lehrbeiträge |c Gotthard Forbrig, Klaus-Peter Schultz, Ursula Wolff |
| 250 | |a 2. überarbeitete Aufl. | ||
| 264 | 1 | |a Berlin |b Wirtschaft |c 1980 | |
| 300 | |a 147 s. | ||
| 100 | 1 | |a Forbrig, Gotthard | |
| 700 | 1 | |a Schultz, Klaus-Peter | |
| 700 | 1 | |a Wolff, Ursula | |